Fundamentals of business organisation (Record no. 5455)

MARC details
000 -LEADER
fixed length control field 00419 a2200169 4500
001 - CONTROL NUMBER
control field 072218
003 - CONTROL NUMBER IDENTIFIER
control field OSt
005 - DATE AND TIME OF LATEST TRANSACTION
control field 20210906105729.0
008 - FIXED-LENGTH DATA ELEMENTS--GENERAL INFORMATION
fixed length control field
082 ## - DEWEY DECIMAL CLASSIFICATION NUMBER
Classification number 650
Item number S21F
100 1# - MAIN ENTRY--PERSONAL NAME
Personal name Sudha, G.S.
245 1# - TITLE STATEMENT
Title Fundamentals of business organisation
Statement of responsibility, etc by G.S. Sudha
260 ## - PUBLICATION, DISTRIBUTION, ETC. (IMPRINT)
Place of publication, distribution, etc Jaipur
Name of publisher, distributor, etc Malik & Co.
Date of publication, distribution, etc 2012
300 ## - PHYSICAL DESCRIPTION
Extent 484p.
690 ## - LOCAL SUBJECT ADDED ENTRY--TOPICAL TERM (OCLC, RLIN)
Topical term or geographic name as entry element Business organization
942 ## - ADDED ENTRY ELEMENTS (KOHA)
Source of classification or shelving scheme Dewey Decimal Classification
Koha item type Books
Holdings
Withdrawn status Lost status Source of classification or shelving scheme Damaged status Not for loan Collection code Home library Current library Date acquired Source of acquisition Cost, normal purchase price Full call number Barcode Date last seen Price effective from Koha item type
    Dewey Decimal Classification     General Text Book Central University Of Rajasthan Central University Of Rajasthan 07/03/2012 MGM 1750.00 650 S21F 7044 21/11/2024 02/09/2020 Books